| 000 | 00427nam a2200145Ia 4500 | ||
|---|---|---|---|
| 008 | 230917s9999||||xx |||||||||||||| ||und|| | ||
| 040 |
_e166964 _aMAIN |
||
| 041 | _aEnglish | ||
| 082 | _a891.432741 JR563T | ||
| 100 | _aजिलानी रटूसा | ||
| 245 | 0 | _aतलाश उस सुबह की | |
| 260 |
_aजयपुर _bसाहित्यागार _c1998 |
||
| 300 | _a110 पृ. p. | ||
| 942 | _cHN | ||
| 999 |
_c108219 _d108219 |
||